000 01323cam a22003011a 4500
001 e 20000305
003 DLC
005 20260227111211.0
008 860724s1919 dcu f000 0 eng c
010 _ae 20000305
035 _a(OCoLC)13922702
040 _aU.S. Off. of Educ. Library
_cABAU
_dABAU
_dDLC
042 _apremarc
050 0 0 _aL111
_b.A6 1919, no. 57
051 _aLA1312
_b.M7
100 1 _aMontgomery, Walter A.
_q(Walter Alexander),
_d1872-1949.
245 1 0 _aEducational conditions in Japan /
_cby Walter A. Montgomery.
260 _aWashington :
_bG.P.O.,
_c1919.
300 _a16 p. ;
_c23 cm.
490 1 _aBulletin / Department of the Interior, Bureau of Education ;
_v1919, no. 57
500 _a"Advance sheets from the Biennial survey of education, 1916-1918."
501 _aCopies 1 and 2 of L111.A6 with: Application of commercial advertising methods to university extension / Mary Burchard Orvis. Washington : Govt. Print. Off., 1919. Bound together subsequent to publication.
_5DLC
504 _aIncludes bibliographical references.
530 _aAlso available in digital form on the Internet Archive Web site.
650 0 _aEducation
_zJapan.
830 0 _aBulletin (United States. Bureau of Education) ;
_v1919, no. 57
856 4 1 _uhttp://hdl.loc.gov/loc.gdc/scd0001.00198443372
999 _c20357
_d20357